| 000 | 00926nam a22002537a 4500 | ||
|---|---|---|---|
| 005 | 20081001112512.0 | ||
| 008 | 081001t xxu||||| |||| 00| 0 eng d | ||
| 010 | _aENG-91099 | ||
| 020 |
_a9788184500721 _c380.00 |
||
| 035 | _aEN-74632 | ||
| 037 | _bDBAD / PUB | ||
| 040 |
_adpl _bEnglish |
||
| 082 | _a954.07 | ||
| 245 |
_aRare documents on Sikhs and their rule in the Punjab / _cedited by H.S. Bhatia; foreword by Hukum Singh |
||
| 250 | _a2nd repr ed. | ||
| 260 |
_aNew Delhi _bDeep & Deep Publications _c2008(repr.). |
||
| 300 |
_axvii,282p. _c22 cm.(Hb) |
||
| 500 | _aIncludes index | ||
| 650 |
_aSikhs _xHistory |
||
| 651 |
_aPunjab (India) _xHistory |
||
| 700 | _aBhatia, H.S. | ||
| 942 |
_2ddc _cEN _h954.07 _mRAR |
||
| 999 |
_c16079 _d16079 |
||